000 01368cam a2200145 4500500
005 20260329023228.0
041 _afre
042 _adc
100 1 0 _aCanal, Jordi
_eauthor
700 1 0 _aDuclert, Vincent
_eauthor
245 0 0 _aLa guerre d'Espagne : Un conflit qui a façonné l'Europe
260 _bArmand Colin,
_c2016.
520 _aLa Guerre Civile espagnole ou guerre d’Espagne (1936-1939) marqua profondément l’histoire espagnole, mais aussi l’histoire européenne. Elle déborda les frontières pour devenir à la fois un conflit international et un conflit intérieur à certains pays comme la France, un conflit qui, par son déroulement même, ses lectures intellectuelles et ses conséquences aussi bien idéologiques que militaires, sociales que culturelles, façonna l’Europe. La mémoire de la guerre d’Espagne se développa à l’échelle des personnes, des sociétés, des nations, mettant à l’épreuve l’idée de la démocratie qui définissait profondément la conscience européenne et contribuant aussi à la reconstruire. Comptant parmi les meilleurs spécialistes du sujet, les auteurs de ce livre démontrent l’importance de l’événement pour comprendre l’histoire de l’Europe et de ses sociétés.
856 4 1 _uhttps://shs.cairn.info/la-guerre-d-espagne--9782200616175?lang=fr&redirect-ssocas=7080
999 _c1925661
_d1925661